| 000 | 00979cab a2200289 4500 | ||
|---|---|---|---|
| 001 | WB3131-32 | ||
| 008 | 090401t1995 xxu||||| |||| 00| 0 eng d | ||
| 035 | _a(Sirsi) u51687 | ||
| 041 | _aeng | ||
| 245 | _aMany planned shop sites never completed | ||
| 260 | _c1995 | ||
| 350 | _a0 | ||
| 490 |
_aDaily Telegraph _v14 August 1995, 23 |
||
| 490 |
_aEstates Gazette _v(9532) 12 August 1995, 17(2) |
||
| 520 | _aDiscusses new research by Hillier Parker which reveals that around half the new shopping space expected to open in the next 6-12 months is unlikely to be completed. | ||
| 650 | _aHILLIER PARKER | ||
| 650 | _aPROPERTY-COMMERCIAL PROPERTY-RETAIL PROPERTY-RETAIL PROPERTY MARKET | ||
| 650 | _aRETAIL PLANNING | ||
| 650 | _aSHOP SITES | ||
| 650 | _aSHOPPING CENTRES | ||
| 650 | _aSPACE | ||
| 650 | _aTOWN CENTRE DEVELOPMENTS | ||
| 650 | _aWAREHOUSE PARKS | ||
| 690 | _aPROPERTY-COMMERCIAL PROPERTY-RETAIL PROPERTY | ||
| 942 | _n0 | ||
| 948 | _c04/03/1997 | ||
| 999 |
_c32074 _d32074 |
||